| 000 | 00538nam a2200181 a 4500 | ||
|---|---|---|---|
| 020 | _a9748874079 | ||
| 040 | _cDLC | ||
| 082 | _a383 ASI 1992 C143 Or. | ||
| 245 | 0 | 0 |
_aAgrarian policy crises in Asia : _bour lands, our lives / |
| 246 | 3 | 0 | _aOur lands, our lives |
| 260 |
_aBangkok : _bAsian Cultural Forum on Development, _c1992. |
||
| 300 |
_axii, 387 p. ; _c22 cm. |
||
| 650 | 0 | _aAgriculture and state | |
| 650 | 0 | _aAgriculture | |
| 700 | 1 | _aChaudhuri, Buddhadeb, | |
| 710 | 2 | _aAsian Cultural Forum on Development. | |
| 942 | _cAEDBB | ||
| 999 |
_c18357 _d18357 |
||